[Event "Tradewise Gibraltar Chess Festival 2014 "]
[Site "The Caleta Hotel - Gibraltar"]
[Date "2014.01.30"]
[Round "3.75"]
[White "Dennis, Nigel W"]
[Black "Bauer, Dieter"]
[Result "1-0"]
[WhiteElo "1848"]
[BlackElo "1727"]
[PlyCount "98"]
[EventDate "2014.01.28"]

1. e4 g6 2. d4 c6 3. c4 Bg7 4. Nc3 d6 5. Nf3 e5 6. dxe5 dxe5 7. Qxd8+ Kxd8 8.
Be3 f6 9. Be2 Nh6 10. h3 Nf7 11. O-O Be6 12. b4 Bh6 13. Rfd1+ Kc7 14. Bxh6 Nxh6
15. c5 Nf7 16. Nd2 Rd8 17. a4 Nd7 18. Nc4 Nf8 19. b5 Rxd1+ 20. Rxd1 Rd8 21. b6+
axb6 22. cxb6+ Kc8 23. Rxd8+ Kxd8 24. a5 Nd7 25. Na4 Kc8 26. f3 h6 27. Kf2 Kd8
28. h4 g5 29. g3 Ke7 30. a6 bxa6 31. Na5 Nb8 32. Nc5 Kd6 33. Nab7+ Ke7 34. Nxa6
Nxa6 35. Bxa6 Bc8 36. Nc5 Bxa6 37. Nxa6 Nd6 38. Nc5 Kd8 39. h5 Kc8 40. Ke2 Nb7
41. Ne6 Nd6 42. Kd3 Kb7 43. Nc5+ Kc8 44. Kc3 Nb5+ 45. Kc4 Nd6+ 46. Kb4 Nb5 47.
b7+ Kc7 48. Ka5 Nd6 49. Ka6 Nxe4 1-0

[Event "Tradewise Gibraltar Chess Festival 2014 "]
[Site "The Caleta Hotel - Gibraltar"]
[Date "2014.01.30"]
[Round "3.76"]
[White "Abdumalik, Zhansaya"]
[Black "Duff, Rufus"]
[Result "1-0"]
[WhiteElo "2344"]
[BlackElo "2113"]
[PlyCount "95"]
[EventDate "2014.01.28"]

1. e4 e5 2. Nf3 Nc6 3. Bb5 a6 4. Ba4 Nf6 5. O-O Be7 6. Re1 b5 7. Bb3 d6 8. c3
O-O 9. h3 Na5 10. Bc2 c5 11. d4 Nd7 12. a4 Rb8 13. axb5 axb5 14. b3 exd4 15.
cxd4 Nc6 16. Nc3 Bf6 17. Be3 Nb4 18. Bb1 Re8 19. Qd2 cxd4 20. Nxd4 Nc5 21. Nce2
Nca6 22. Ra3 Bd7 23. Ng3 g6 24. f4 Ra8 25. Nf3 Nc6 26. Rd1 b4 27. Ra2 Be6 28.
Bc2 Qc8 29. f5 Bc3 30. Qf2 Bd7 31. Rxd6 Ne5 32. Bd4 Nxf3+ 33. gxf3 Bb5 34. e5
Bxd4 35. Qxd4 Qc3 36. Be4 Rac8 37. Kg2 Rxe5 38. Bb7 Qxd4 39. Rxd4 Rb8 40. Bxa6
Bxa6 41. Rxa6 Re3 42. f6 Rxb3 43. Ne4 h6 44. Rad6 Ra3 45. Rd8+ Rxd8 46. Rxd8+
Kh7 47. Rf8 Ra7 48. Rb8 1-0

[Event "Tradewise Gibraltar Chess Festival 2014 "]
[Site "The Caleta Hotel - Gibraltar"]
[Date "2014.01.30"]
[Round "3.77"]
[White "Studer, Noel"]
[Black "Compton, Alistair"]
[Result "1/2-1/2"]
[WhiteElo "2337"]
[BlackElo "2105"]
[PlyCount "82"]
[EventDate "2014.01.28"]

1. e4 e5 2. Nf3 Nc6 3. Bb5 a6 4. Ba4 Nf6 5. O-O b5 6. Bb3 Bb7 7. d3 Be7 8. Nc3
O-O 9. a3 h6 10. Nd5 Bc5 11. Be3 Nd4 12. Bxd4 exd4 13. Nf4 Re8 14. Re1 Ba7 15.
e5 Ng4 16. Ng6 d5 17. Nf4 f6 18. exf6 Qd6 19. Nh5 Nxf6 20. Nxf6+ Qxf6 21. a4
Bc5 22. Qd2 b4 23. Re2 Bd6 24. Rae1 Kf8 25. Rxe8+ Rxe8 26. Rxe8+ Kxe8 27. Qe2+
Kf8 28. g3 c6 29. Nh4 Bc8 30. a5 g5 31. Ng2 Bc7 32. Ba4 Bxa5 33. f4 Bc7 34.
fxg5 hxg5 35. Qh5 Be6 36. Ne1 Kg7 37. Nf3 Bd8 38. Kg2 Bf7 39. Qg4 c5 40. Bd7
Qe7 41. h4 Qe2+ 1/2-1/2

[Event "Tradewise Gibraltar Chess Festival 2014 "]
[Site "The Caleta Hotel - Gibraltar"]
[Date "2014.01.30"]
[Round "3.78"]
[White "Allor, Chukwuka"]
[Black "Hoolt, Sarah"]
[Result "0-1"]
[WhiteElo "2138"]
[BlackElo "2331"]
[PlyCount "62"]
[EventDate "2014.01.28"]

1. Nf3 Nf6 2. g3 e6 3. Bg2 d5 4. c4 Be7 5. O-O O-O 6. b3 c5 7. cxd5 exd5 8. d4
Nc6 9. Bb2 Bg4 10. dxc5 Bxc5 11. Nc3 Re8 12. Rc1 Bb4 13. a3 Bf8 14. h3 Bh5 15.
Nb5 Ne4 16. Nbd4 Rc8 17. Nf5 Qd7 18. g4 Bg6 19. N5h4 Bd6 20. Nxg6 hxg6 21. b4
a6 22. Qd3 Bb8 23. Rfd1 Rcd8 24. e3 Qd6 25. Qb3 Rd7 26. Rd3 f6 27. Rcd1 Red8
28. Rxd5 Qe6 29. Bf1 Rxd5 30. Rxd5 Rxd5 31. Bc4 Ne7 0-1

[Event "Tradewise Gibraltar Chess Festival 2014 "]
[Site "The Caleta Hotel - Gibraltar"]
[Date "2014.01.30"]
[Round "3.79"]
[White "Welling, Gerard"]
[Black "Pabalan, Rocky"]
[Result "1-0"]
[WhiteElo "2326"]
[BlackElo "2103"]
[PlyCount "88"]
[EventDate "2014.01.28"]

1. e3 b6 2. Nf3 Bb7 3. c4 e6 4. Nc3 Nf6 5. b3 Be7 6. Bb2 O-O 7. Be2 d6 8. O-O
Nbd7 9. Rc1 Re8 10. d4 e5 11. b4 a5 12. b5 Bf8 13. Qc2 g6 14. Rfd1 exd4 15.
Nxd4 Ne5 16. Re1 Bh6 17. h3 c5 18. bxc6 Nxc6 19. Nxc6 Bxc6 20. Rcd1 Rc8 21. Qd3
Re6 22. Nd5 Bxd5 23. cxd5 Re8 24. Rc1 Rc5 25. Bd4 Ne4 26. Bxc5 bxc5 27. Bf3 Ng5
28. Bd1 f5 29. Rb1 Ne4 30. g3 Qg5 31. Kg2 Bg7 32. Qb5 Rf8 33. Qd7 Nxg3 34. Qe6+
Kh8 35. h4 Qxh4 36. fxg3 Qc4 37. Qxd6 Qe4+ 38. Bf3 Qc2+ 39. Kg1 Qc3 40. Re2 Rg8
41. Rb8 Be5 42. Rxg8+ Kxg8 43. Qe6+ Kg7 44. Qe7+ Kh6 1-0

[Event "Tradewise Gibraltar Chess Festival 2014 "]
[Site "The Caleta Hotel - Gibraltar"]
[Date "2014.01.30"]
[Round "3.80"]
[White "Samu, Sorin-Mihai"]
[Black "Quintin Navarro, Alberto"]
[Result "0-1"]
[WhiteElo "2131"]
[BlackElo "2320"]
[PlyCount "94"]
[EventDate "2014.01.28"]

1. c4 e5 2. Nc3 Nc6 3. g3 Bc5 4. Bg2 d6 5. e3 a6 6. Nge2 Nge7 7. O-O h5 8. d4
Ba7 9. h4 Bg4 10. d5 Nb8 11. e4 c6 12. Qd3 cxd5 13. Nxd5 Nbc6 14. Nec3 Nd4 15.
Nxe7 Qxe7 16. Be3 Rc8 17. f3 Be6 18. Nd5 Bxd5 19. cxd5 Rc2 20. Rf2 Rxf2 21.
Kxf2 O-O 22. Bh3 Qf6 23. Qd1 Bc5 24. Rc1 a5 25. a3 Qd8 26. f4 Qb6 27. b4 axb4
28. axb4 Qxb4 29. fxe5 dxe5 30. Rb1 Qc3 31. Rc1 Qb2+ 32. Kf1 Qb5+ 33. Kg2 Ra8
34. Kh1 Ra2 35. Rb1 Rb2 36. Rxb2 Qxb2 37. Bg2 g6 38. g4 Qb3 39. Qc1 hxg4 40.
Bxd4 Bxd4 41. Qc8+ Kg7 42. Qxg4 Qb1+ 43. Kh2 Be3 44. h5 Bf4+ 45. Kh3 Qg1 46.
h6+ Kxh6 47. Kh4 g5+ 0-1

[Event "Tradewise Gibraltar Chess Festival 2014 "]
[Site "The Caleta Hotel - Gibraltar"]
[Date "2014.01.30"]
[Round "3.81"]
[White "Fuchs, Judith"]
[Black "Kandic, Milan"]
[Result "1-0"]
[WhiteElo "2315"]
[BlackElo "2080"]
[PlyCount "91"]
[EventDate "2014.01.28"]

1. e4 d6 2. d4 Nf6 3. Nc3 e5 4. Nf3 Nbd7 5. Bc4 Be7 6. O-O O-O 7. Re1 c6 8. a4
a5 9. h3 Qc7 10. b3 Nb6 11. Bf1 Re8 12. Bb2 Bf8 13. Qd2 h6 14. Rad1 g6 15. Ba3
Kg7 16. d5 c5 17. Nb5 Qd8 18. Bb2 Bd7 19. Nh2 g5 20. g3 Nh7 21. f4 f6 22. Bc3
Nc8 23. h4 Bxb5 24. Bxb5 Re7 25. hxg5 hxg5 26. Ng4 Kg8 27. fxe5 fxe5 28. Rf1
Bg7 29. Qh2 Na7 30. Bc4 Qd7 31. Qh5 b6 32. Bd2 Qe8 33. Qh1 Qg6 34. Ne3 Rf8 35.
Nf5 Ref7 36. Be2 Rxf5 37. Rxf5 Rxf5 38. exf5 Qxf5 39. Bd3 e4 40. Qxe4 Qxe4 41.
Bxe4 Be5 42. Bxh7+ Kxh7 43. Bxg5 Bxg3 44. Bd8 Nc8 45. Rd2 Be5 46. Rg2 1-0

[Event "Tradewise Gibraltar Chess Festival 2014 "]
[Site "The Caleta Hotel - Gibraltar"]
[Date "2014.01.30"]
[Round "3.82"]
[White "Hagesather, Arne"]
[Black "De Haan, Eric"]
[Result "1-0"]
[WhiteElo "2126"]
[BlackElo "2303"]
[PlyCount "105"]
[EventDate "2014.01.28"]

1. e4 c5 2. c3 Nf6 3. e5 Nd5 4. d4 cxd4 5. Nf3 e6 6. cxd4 d6 7. Bc4 Nc6 8. O-O
Be7 9. Nbd2 O-O 10. Re1 dxe5 11. dxe5 Qc7 12. a3 Rd8 13. Qe2 Na5 14. Ba2 b6 15.
Nf1 Bb7 16. Bd2 Qc2 17. Bb1 Qxb2 18. Bxh7+ Kxh7 19. Qd3+ Kg8 20. Reb1 Nf4 21.
Qxd8+ Rxd8 22. Rxb2 Nc4 23. Rc2 Ne2+ 24. Kh1 Nxa3 25. Rc7 Bxf3 26. Rxe7 Nc2 27.
Raxa7 Bh5 28. Red7 Rb8 29. Rdb7 Rd8 30. Rxb6 Rd3 31. h3 Ned4 32. Rb1 Na3 33.
Rc1 Be2 34. Rc3 Rxc3 35. Bxc3 Ndb5 36. Ra8+ Kh7 37. Ne3 Kg6 38. Bb4 Nc4 39.
Nxc4 Bxc4 40. Kh2 Nd4 41. Bd6 Ne2 42. Ra4 Bd3 43. Rg4+ Kh7 44. Bf8 Bg6 45. h4
Kg8 46. Bxg7 Kxg7 47. h5 Nf4 48. Rxf4 Bxh5 49. Kg3 Bd1 50. Rb4 Kg6 51. Kf4 Be2
52. Rb3 Kg7 53. Kg5 1-0

[Event "Tradewise Gibraltar Chess Festival 2014 "]
[Site "The Caleta Hotel - Gibraltar"]
[Date "2014.01.30"]
[Round "3.83"]
[White "Wahlbom, Magnus"]
[Black "Reppen, Ellisiv"]
[Result "1/2-1/2"]
[WhiteElo "2297"]
[BlackElo "1995"]
[PlyCount "82"]
[EventDate "2014.01.28"]

1. e4 e5 2. Nf3 Nc6 3. Bb5 a6 4. Ba4 Nf6 5. O-O b5 6. Bb3 Be7 7. Re1 d6 8. c3
O-O 9. h3 h6 10. d4 Bb7 11. Nbd2 Re8 12. Nf1 Bf8 13. Ng3 Na5 14. Bc2 c5 15. d5
Bc8 16. b4 cxb4 17. cxb4 Nc4 18. a4 Bd7 19. Bd3 Rc8 20. a5 Nh7 21. Ra2 Qf6 22.
Qe2 Rc7 23. Nh2 Rec8 24. Rc2 Qg6 25. Ng4 h5 26. Nh2 Nf6 27. Nf3 Qh7 28. Bg5 Ne8
29. Rec1 f6 30. Be3 Nxe3 31. Qxe3 Rxc2 32. Rxc2 g6 33. Nh4 Rxc2 34. Bxc2 Bc8
35. Qb6 g5 36. Nhf5 h4 37. Nf1 Qc7 38. Qxc7 Nxc7 39. N1e3 Kf7 40. Bd1 Kg6 41.
Bc2 Ne8 1/2-1/2

[Event "Tradewise Gibraltar Chess Festival 2014 "]
[Site "The Caleta Hotel - Gibraltar"]
[Date "2014.01.30"]
[Round "3.84"]
[White "Baert, Andy"]
[Black "Deac, Bogdan-Daniel"]
[Result "0-1"]
[WhiteElo "2104"]
[BlackElo "2289"]
[PlyCount "120"]
[EventDate "2014.01.28"]

1. d4 Nf6 2. c4 c5 3. d5 b5 4. cxb5 a6 5. bxa6 g6 6. Nc3 Bxa6 7. e4 Bxf1 8.
Kxf1 d6 9. Nf3 Bg7 10. g3 O-O 11. Kg2 Nbd7 12. a4 Ra6 13. Qc2 Qa8 14. Nb5 Rc8
15. Bd2 Ne8 16. Bc3 Bxc3 17. bxc3 Nb6 18. Ra2 Nc7 19. Rha1 Ra5 20. Qb3 c4 21.
Qc2 Na6 22. Nfd4 Nc5 23. Nc6 Rxc6 24. dxc6 Qxc6 25. Nd4 Qa8 26. f3 Nbxa4 27.
Qe2 Qa6 28. e5 d5 29. Ra3 Nxc3 30. Rxa5 Nxe2 31. Rxa6 Nxd4 32. Ra8+ Kg7 33. Rd1
Nd3 34. Ra3 Nc2 35. Raxd3 cxd3 36. Kf2 Nb4 37. Ke3 Nc6 38. f4 h5 39. Rxd3 e6
40. Rb3 Ne7 41. Rb7 Nf5+ 42. Kf3 Nd4+ 43. Kf2 Nf5 44. h3 Nd4 45. g4 hxg4 46.
hxg4 g5 47. Ke3 Nc6 48. f5 exf5 49. gxf5 Nxe5 50. Kd4 Kf6 51. Kxd5 Kxf5 52. Rb1
g4 53. Kd4 Kf4 54. Rf1+ Nf3+ 55. Kd3 f5 56. Ke2 Kg3 57. Rd1 f4 58. Kd3 Nh2 59.
Kd4 f3 60. Ke3 f2 0-1

[Event "Tradewise Gibraltar Chess Festival 2014 "]
[Site "The Caleta Hotel - Gibraltar"]
[Date "2014.01.30"]
[Round "3.85"]
[White "Sos Andreu, Eric"]
[Black "Khachatourian, Yerazik"]
[Result "1-0"]
[WhiteElo "2285"]
[BlackElo "1955"]
[PlyCount "77"]
[EventDate "2014.01.28"]

1. d4 Nf6 2. c4 g6 3. Nc3 Bg7 4. e4 d6 5. Nf3 O-O 6. Be2 Nbd7 7. O-O e5 8. Be3
a5 9. d5 b6 10. Nd2 Ne8 11. a3 f5 12. f3 f4 13. Bf2 Ndf6 14. Rc1 Nh5 15. Re1
Qg5 16. Bf1 Bh6 17. b4 Ng3 18. Bd3 Nh5 19. c5 bxc5 20. bxc5 Bh3 21. Bf1 Rb8 22.
Nc4 dxc5 23. Re2 Nd6 24. Nxa5 Bd7 25. Nc6 Ng3 26. Nxb8 Nxe2+ 27. Nxe2 Rxb8 28.
Rxc5 Bh3 29. Kh1 Bc8 30. Rxc7 Ba6 31. Rc6 Bxe2 32. Bxe2 Bf8 33. a4 Qd8 34. Be1
Rb2 35. Bc3 Ra2 36. Bxe5 Qh4 37. Kg1 Nb7 38. d6 Qg5 39. Bc4# 1-0

[Event "Tradewise Gibraltar Chess Festival 2014 "]
[Site "The Caleta Hotel - Gibraltar"]
[Date "2014.01.30"]
[Round "3.86"]
[White "Walton, Alan J"]
[Black "Maisuradze, Nino"]
[Result "1/2-1/2"]
[WhiteElo "2083"]
[BlackElo "2279"]
[PlyCount "132"]
[EventDate "2014.01.28"]

1. d4 Nf6 2. Bg5 e6 3. e3 c5 4. c3 d5 5. Bd3 Be7 6. Nd2 O-O 7. f4 b6 8. Qe2 Bb7
9. Bxf6 Bxf6 10. Ngf3 Qc8 11. O-O Ba6 12. Ne5 Bxd3 13. Qxd3 Be7 14. Rae1 f6 15.
Nef3 c4 16. Qe2 Bd6 17. g3 f5 18. Ne5 Nd7 19. Nxd7 Qxd7 20. Nf3 b5 21. Ne5 Qb7
22. g4 Bxe5 23. fxe5 g6 24. gxf5 gxf5 25. Kh1 Kh8 26. Rg1 b4 27. cxb4 Qxb4 28.
Qh5 Qe7 29. Qh6 Qf7 30. Rg2 Rg8 31. Reg1 Rxg2 32. Rxg2 a5 33. h3 a4 34. a3 Re8
35. Qh4 Rf8 36. Qh6 Re8 37. Qh4 Rb8 38. Kh2 Rf8 39. Kh1 f4 40. exf4 Qxf4 41.
Qe7 Qf7 42. Qd6 Qe8 43. Kg1 Rf3 44. Rf2 Qg6+ 45. Rg2 Qf7 46. Qd8+ Qf8 47. Qxf8+
Rxf8 48. Rf2 Rb8 49. Kf1 Rb3 50. Ke1 Rxh3 51. Rf6 Rd3 52. Rxe6 Rxd4 53. Re7 h5
54. e6 Kg8 55. Rd7 Kf8 56. Ke2 h4 57. Ke3 Re4+ 58. Kf3 Rd4 59. Ke3 Re4+ 60. Kf3
Re5 61. Kg4 Ke8 62. Kxh4 Rxe6 63. Rxd5 Re2 64. Rd4 Rc2 65. Kg5 Ke7 66. Kf5 Rxb2
1/2-1/2

[Event "Tradewise Gibraltar Chess Festival 2014 "]
[Site "The Caleta Hotel - Gibraltar"]
[Date "2014.01.30"]
[Round "3.87"]
[White "Verneuil, Pascal"]
[Black "Haugli, Petter"]
[Result "0-1"]
[WhiteElo "2065"]
[BlackElo "2278"]
[PlyCount "68"]
[EventDate "2014.01.28"]

1. e4 c5 2. b3 e6 3. Bb2 d6 4. f4 Nf6 5. Nc3 Be7 6. Bb5+ Bd7 7. Qe2 O-O 8.
O-O-O Nc6 9. Bxc6 Bxc6 10. Nf3 b5 11. e5 b4 12. Nb5 dxe5 13. Nxe5 Be8 14. Nc3
bxc3 15. dxc3 Qc7 16. Qf3 Rc8 17. c4 Bc6 18. Qe2 Rcd8 19. Rde1 Nd7 20. Qg4 Bf6
21. h4 Nxe5 22. fxe5 Be7 23. Re3 Rfe8 24. Kb1 Bf8 25. Rg3 Qb7 26. Bc1 Rd4 27.
Qh5 Be4 28. Qe2 Bf5 29. Bg5 a5 30. a4 Rb8 31. Kb2 Re4 32. Re3 Rxe3 33. Qxe3
Bxc2 34. Rh3 Bxb3 0-1

[Event "Tradewise Gibraltar Chess Festival 2014 "]
[Site "The Caleta Hotel - Gibraltar"]
[Date "2014.01.30"]
[Round "3.88"]
[White "Gukhvat, Peter"]
[Black "Zachariassen, John"]
[Result "1-0"]
[WhiteElo "2268"]
[BlackElo "1894"]
[PlyCount "71"]
[EventDate "2014.01.28"]

1. d4 Nf6 2. Nf3 d6 3. g3 Nbd7 4. Bg2 c6 5. O-O e5 6. c4 Be7 7. Nc3 O-O 8. Qc2
Re8 9. Rd1 Qc7 10. b3 Nf8 11. Bb2 Ng6 12. Rac1 Ng4 13. e4 Rf8 14. h3 Nf6 15. b4
h5 16. d5 h4 17. Ne2 Nh5 18. c5 cxd5 19. exd5 hxg3 20. fxg3 Bd7 21. Qd3 a6 22.
Nxe5 dxe5 23. d6 Bxd6 24. Qxd6 Qxd6 25. Rxd6 Bb5 26. Nc3 Nxg3 27. Bxb7 Rab8 28.
c6 Bxc6 29. Bxc6 Rbc8 30. Bb7 Rcd8 31. Rcd1 Rxd6 32. Rxd6 Rb8 33. Bd5 Nf4 34.
a3 Rc8 35. Rxa6 Rd8 36. Ra8 1-0

[Event "Tradewise Gibraltar Chess Festival 2014 "]
[Site "The Caleta Hotel - Gibraltar"]
[Date "2014.01.30"]
[Round "3.89"]
[White "Lederman, Leon"]
[Black "Knudsen, Jes West"]
[Result "1-0"]
[WhiteElo "2257"]
[BlackElo "1874"]
[PlyCount "33"]
[EventDate "2014.01.28"]

1. e4 Nf6 2. e5 Nd5 3. d4 d6 4. Nf3 dxe5 5. Nxe5 c6 6. Be2 Bf5 7. O-O Nd7 8.
Nf3 Qc7 9. Nh4 Bg6 10. f4 f6 11. f5 Bf7 12. c4 N5b6 13. Bf4 Qd8 14. Bh5 Nxc4
15. Bxf7+ Kxf7 16. Qh5+ Kg8 17. Qe2 1-0

[Event "Tradewise Gibraltar Chess Festival 2014 "]
[Site "The Caleta Hotel - Gibraltar"]
[Date "2014.01.30"]
[Round "3.90"]
[White "Nordstrom, Hakon N"]
[Black "Hommerson, Paul"]
[Result "0-1"]
[WhiteElo "1835"]
[BlackElo "2255"]
[PlyCount "28"]
[EventDate "2014.01.28"]

1. e4 e5 2. f4 exf4 3. Nf3 g5 4. Bc4 Bg7 5. O-O d6 6. d4 h6 7. e5 d5 8. Bd3 Ne7
9. h4 Nf5 10. e6 Bxe6 11. Re1 Nxd4 12. Nxd4 Bxd4+ 13. Kh1 Nc6 14. Qh5 Qf6 0-1

[Event "Tradewise Gibraltar Chess Festival 2014 "]
[Site "The Caleta Hotel - Gibraltar"]
[Date "2014.01.30"]
[Round "3.91"]
[White "Sanchez Jerez, Emilio Miguel"]
[Black "Omoifo, Osemekhian I"]
[Result "1-0"]
[WhiteElo "2287"]
[BlackElo "2076"]
[PlyCount "57"]
[EventDate "2014.01.28"]

1. e4 Nf6 2. e5 Nd5 3. d4 d6 4. c4 Nb6 5. f4 dxe5 6. fxe5 Nc6 7. Be3 Bf5 8. Nc3
e6 9. Nf3 Qd7 10. Be2 O-O-O 11. O-O Kb8 12. c5 Nd5 13. Nxd5 Qxd5 14. Qd2 f6 15.
Qc3 fxe5 16. dxe5 Be7 17. Bc4 Qe4 18. Rae1 Qg4 19. b4 Rdf8 20. b5 Be4 21. Be2
Nd8 22. Rd1 Bd5 23. Rd4 Qg6 24. Ra4 Rf7 25. Qa5 Kc8 26. Qxa7 Rhf8 27. c6 bxc6
28. b6 Bg5 29. Bc5 1-0

[Event "Tradewise Gibraltar Chess Festival 2014 "]
[Site "The Caleta Hotel - Gibraltar"]
[Date "2014.01.30"]
[Round "3.92"]
[White "Proudian, Armen"]
[Black "Nyland, Thomas"]
[Result "1-0"]
[WhiteElo "2273"]
[BlackElo "2047"]
[PlyCount "47"]
[EventDate "2014.01.28"]

1. e4 e5 2. Nf3 Nc6 3. Bb5 Nf6 4. d3 Bc5 5. c3 O-O 6. O-O d6 7. Nbd2 Bb6 8. Nc4
Bg4 9. h3 Bd7 10. a4 a6 11. Nxb6 cxb6 12. Bc4 Ne7 13. Qb3 h6 14. Be3 Nc8 15.
Nh4 Nxe4 16. Ng6 Nc5 17. Bxc5 dxc5 18. Nxf8 Qxf8 19. Rae1 Qe8 20. f4 Bxa4 21.
Bxf7+ Qxf7 22. Qxa4 b5 23. Qe4 exf4 24. Rxf4 1-0

[Event "Tradewise Gibraltar Chess Festival 2014 "]
[Site "The Caleta Hotel - Gibraltar"]
[Date "2014.01.30"]
[Round "3.93"]
[White "Gandrud, Vegar Koi"]
[Black "Nejanky, Maisa"]
[Result "1-0"]
[WhiteElo "2242"]
[BlackElo "2040"]
[PlyCount "123"]
[EventDate "2014.01.28"]

1. d4 Nf6 2. c4 e6 3. Nf3 c5 4. e3 d5 5. Nc3 Nc6 6. a3 cxd4 7. exd4 dxc4 8.
Bxc4 Be7 9. O-O O-O 10. Bf4 a6 11. d5 exd5 12. Nxd5 Nxd5 13. Bxd5 Bf6 14. Bxc6
bxc6 15. Qc2 Be6 16. Be5 Bd5 17. Qc3 Bxe5 18. Nxe5 Qg5 19. f3 Rfe8 20. Rae1 Re6
21. Nc4 Rae8 22. Rxe6 Rxe6 23. Nb6 Re2 24. Rf2 Re3 25. Qd2 Qe5 26. Rf1 Re2 27.
Qc3 Qxc3 28. bxc3 Rc2 29. Nxd5 cxd5 30. Rd1 Rxc3 31. Rxd5 Kf8 32. Ra5 Rc6 33.
Kf2 Ke7 34. Ke3 Kd7 35. Kd4 Rg6 36. g3 Rf6 37. Ke4 Rc6 38. Kd4 Rf6 39. Rg5 g6
40. Ke4 Rc6 41. Rd5+ Kc7 42. Kd4 Kb6 43. Re5 Rd6+ 44. Kc4 Re6 45. f4 h5 46. h4
Rc6+ 47. Kd4 Rc2 48. f5 Rc6 49. fxg6 fxg6 50. a4 a5 51. Rb5+ Ka6 52. Rc5 Rf6
53. Re5 Rb6 54. Kd5 Rb4 55. Re4 Rb3 56. Re6+ Kb7 57. Rxg6 Rb4 58. Rg5 Rxa4 59.
Rxh5 Ra1 60. Kc4 a4 61. Rd5 Kc6 62. Rd3 1-0

[Event "Tradewise Gibraltar Chess Festival 2014 "]
[Site "The Caleta Hotel - Gibraltar"]
[Date "2014.01.30"]
[Round "3.94"]
[White "Galmandakh, Badrakh"]
[Black "Perdomo Araujo, Angel Eduardo"]
[Result "1-0"]
[WhiteElo "2225"]
[BlackElo "2018"]
[PlyCount "67"]
[EventDate "2014.01.28"]

1. c4 c6 2. d4 d5 3. cxd5 cxd5 4. Nc3 Nf6 5. Nf3 e6 6. e3 Nc6 7. Bd3 Bd6 8. O-O
O-O 9. Bd2 Bd7 10. Rc1 Rc8 11. Qe2 a6 12. e4 dxe4 13. Nxe4 Be7 14. Bf4 Nb4 15.
Rxc8 Bxc8 16. Bb1 Nbd5 17. Be5 Bd7 18. Rc1 Bc6 19. Nc5 Qb6 20. b3 Rd8 21. Ng5
Bb5 22. Qf3 h6 23. Nge4 Ne8 24. g4 g6 25. a4 Bc6 26. Qh3 Bf8 27. Nxe6 fxe6 28.
g5 h5 29. Qxe6+ Kh7 30. Qf7+ Bg7 31. Nf6+ Nexf6 32. gxf6 Nxf6 33. Bxf6 Rd7 34.
Bxg6+ 1-0

[Event "Tradewise Gibraltar Chess Festival 2014 "]
[Site "The Caleta Hotel - Gibraltar"]
[Date "2014.01.30"]
[Round "3.95"]
[White "Vea, Odin Blikra"]
[Black "Jacobsen, Fredrik Beer"]
[Result "1-0"]
[WhiteElo "2217"]
[BlackElo "1991"]
[PlyCount "51"]
[EventDate "2014.01.28"]

1. e4 c5 2. Nf3 Nc6 3. Nc3 d6 4. d4 cxd4 5. Nxd4 Nf6 6. Bg5 e6 7. Qd2 a6 8.
O-O-O h6 9. Nxc6 bxc6 10. Bh4 d5 11. exd5 cxd5 12. Qd4 Be7 13. Bd3 O-O 14. g4
Qc7 15. Bg3 Qc5 16. Qf4 Nh5 17. Qd2 Nxg3 18. hxg3 Bg5 19. f4 Bf6 20. Na4 Qd4
21. g5 Qxa4 22. gxf6 Qxa2 23. Qc3 Rb8 24. fxg7 Rd8 25. Bh7+ Kxh7 26. Rxh6+ 1-0

[Event "Tradewise Gibraltar Chess Festival 2014 "]
[Site "The Caleta Hotel - Gibraltar"]
[Date "2014.01.30"]
[Round "3.96"]
[White "Agbabishvili, Lali"]
[Black "Spence, David J"]
[Result "1/2-1/2"]
[WhiteElo "1941"]
[BlackElo "2216"]
[PlyCount "124"]
[EventDate "2014.01.28"]

1. c4 e5 2. Nc3 d6 3. g3 f5 4. Bg2 Nf6 5. d3 Be7 6. e3 O-O 7. Nge2 c6 8. O-O
Be6 9. b3 Nbd7 10. Bb2 Qe8 11. h3 Qh5 12. f4 Rae8 13. d4 e4 14. d5 cxd5 15.
cxd5 Bf7 16. Nd4 Qg6 17. Kh2 Nc5 18. Ba3 Nxd5 19. Nxd5 Bxd5 20. Nb5 Bf7 21.
Nxa7 Ra8 22. Bxc5 dxc5 23. Nb5 Bf6 24. Rb1 Rxa2 25. Qe1 h5 26. Rf2 Rfa8 27. h4
Rxf2 28. Qxf2 Rd8 29. Bf1 Kh7 30. Qc2 Be7 31. Rd1 Qb6 32. Rxd8 Qxd8 33. Be2 Qa5
34. Kg2 Qa1 35. Bd1 b6 36. Kf2 g6 37. Nc3 c4 38. bxc4 Bxc4 39. Nxe4 b5 40. Ng5+
Kg7 41. Nf3 Bf6 42. Nd2 Bf7 43. Nb3 Qa8 44. Bf3 Qa4 45. Bd1 b4 46. Nd2 Qa1 47.
Nb3 Qa8 48. Bf3 Qa4 49. Bd1 Bc3 50. Nc1 Qa8 51. Bf3 Qc8 52. Bd1 Qd7 53. Ne2 Bf6
54. Nc1 Bd5 55. Qd3 Qc6 56. Bb3 Bh1 57. Ne2 Kh6 58. Ke1 Qc5 59. Kf2 Qc6 60. Ke1
Qa8 61. Qd6 Qa1+ 62. Kf2 Be4 1/2-1/2

[Event "Tradewise Gibraltar Chess Festival 2014 "]
[Site "The Caleta Hotel - Gibraltar"]
[Date "2014.01.30"]
[Round "3.97"]
[White "Al-Tamimi, Hamad"]
[Black "Othman, Mustapha"]
[Result "1/2-1/2"]
[WhiteElo "2211"]
[BlackElo "1905"]
[PlyCount "92"]
[EventDate "2014.01.28"]

1. e4 c5 2. Nf3 d6 3. Bb5+ Bd7 4. Bxd7+ Nxd7 5. O-O Ngf6 6. Qe2 e6 7. c3 Ne5 8.
d4 Nxf3+ 9. Qxf3 d5 10. e5 Ne4 11. Qe2 h6 12. f3 Ng5 13. Be3 cxd4 14. Bxd4 Be7
15. Nd2 O-O 16. f4 Nh7 17. g4 b6 18. Kh1 Bc5 19. Nf3 Re8 20. b4 Bxd4 21. Nxd4
f6 22. Rae1 fxe5 23. Qxe5 Nf8 24. Re3 Kh7 25. f5 exf5 26. Qxf5+ Kh8 27. Rh3 Nh7
28. Ne6 Qe7 29. Nf4 Qe4+ 30. Kg1 Qxf5 31. gxf5 Nf6 32. Rd1 Red8 33. Rhd3 Rac8
34. a4 Rc4 35. Nxd5 Rxd5 36. Rxd5 Nxd5 37. Rxd5 Rxc3 38. Rd8+ Kh7 39. Rd7 Rc4
40. f6 Rg4+ 41. Kh1 a5 42. bxa5 bxa5 43. Ra7 Rxa4 44. Rxg7+ Kh8 45. Ra7 Rf4 46.
Rxa5 Rxf6 1/2-1/2

[Event "Tradewise Gibraltar Chess Festival 2014 "]
[Site "The Caleta Hotel - Gibraltar"]
[Date "2014.01.30"]
[Round "3.98"]
[White "Iagar, Razvan-Gabriel"]
[Black "Bajer, Renato"]
[Result "1-0"]
[WhiteElo "2171"]
[BlackElo "1914"]
[PlyCount "89"]
[EventDate "2014.01.28"]

1. d4 d5 2. c4 dxc4 3. Nf3 Nf6 4. e3 e6 5. Bxc4 c5 6. O-O a6 7. dxc5 Qxd1 8.
Rxd1 Bxc5 9. Nbd2 Nc6 10. Nb3 Bb6 11. Bd2 O-O 12. Rac1 Bd7 13. Bc3 Rfd8 14. Ng5
Be8 15. Bxf6 gxf6 16. Ne4 Rxd1+ 17. Rxd1 Kg7 18. Nec5 Ne5 19. Be2 Bc6 20. Rc1
Nd7 21. Nxa6 Bxg2 22. Kxg2 bxa6 23. Rc6 Kf8 24. Nd2 a5 25. Bb5 Ke7 26. a4 Ra7
27. Ne4 f5 28. Nd6 Rc7 29. Nc8+ Kd8 30. Rxb6 Nxb6 31. Nxb6 Ke7 32. Nc4 Ra7 33.
Kf3 f6 34. Ke2 e5 35. Kd3 Ke6 36. Kc3 Kd5 37. b4 axb4+ 38. Kxb4 Rg7 39. a5 Rg2
40. a6 Rg7 41. Nb6+ Ke4 42. Nd7 Kf3 43. a7 Rg4+ 44. Ka5 Kxf2 45. a8=Q 1-0

[Event "Tradewise Gibraltar Chess Festival 2014 "]
[Site "The Caleta Hotel - Gibraltar"]
[Date "2014.01.30"]
[Round "3.99"]
[White "Weichelt, Jens"]
[Black "Lobersli, Henrik Oie"]
[Result "1-0"]
[WhiteElo "2116"]
[BlackElo "1862"]
[PlyCount "59"]
[EventDate "2014.01.28"]

1. d4 Nf6 2. c4 e6 3. Nf3 b6 4. g3 Ba6 5. Qc2 Bb7 6. Bg2 Be7 7. Nc3 d5 8. cxd5
Nxd5 9. Nxd5 Bxd5 10. O-O O-O 11. Bf4 Na6 12. a3 c5 13. Qd3 c4 14. Qc2 b5 15.
Rfd1 Qb6 16. Ng5 Bxg5 17. Bxg5 Bxg2 18. Kxg2 Rac8 19. Kg1 h6 20. Bf4 Rfd8 21.
Qc3 Nb8 22. Bxb8 Rxb8 23. e3 Rdc8 24. d5 exd5 25. Rxd5 a5 26. Qe5 b4 27. axb4
axb4 28. Rd6 Qc7 29. Qd5 Qc5 30. Rd8+ 1-0